STN EN 14841: 2014 (07 8620) [neplatná], Zariadenie a príslušenstvo na LPG. Postup pri stáčaní skvapalnených ropných plynov (LPG) zo železničných cisternových vozňov
Táto norma je slovenskou verziou európskej normy EN 14841: 2013. Preklad zabezpečil Slovenský ústav technickej normalizácie. Má rovnaké postavenie ako majú oficiálne verzie
| Other Authors: | |
|---|---|
| Format: | Book |
| Language: | Slovak English |
| PhysicalDescription: | 12 strán obrázky, tabuľky 30 cm |
| Published: |
Bratislava
Úrad pre normalizáciu, metrológiu a skúšobníctvo SR
2014
|
| Subjects: |
MARC
| LEADER | 00000cam a2200000 a 4500 | ||
|---|---|---|---|
| 001 | vtls010595033 | ||
| 003 | SK-MaSNL | ||
| 005 | 20260302013248.0 | ||
| 008 | 160429s2014 xo a f u 000 0 slo | ||
| 015 | |a SNBN2014 | ||
| 020 | |c (cen. skup. 3) | ||
| 040 | |a SNK |b slo |c SNK |e AACR2 | ||
| 041 | 1 | |a slo |h eng | |
| 044 | |a xo |c SK | ||
| 046 | |a m |m 20140501 (účin.) |n 20230801 (zruš.) | ||
| 072 | 7 | |a 629 |x Dopravné prostriedky |2 konspekt | |
| 072 | 7 | |a 662 |x Výbušniny. Palivá |2 konspekt | |
| 072 | 7 | |a 656.2 |x Železničná doprava |2 konspekt | |
| 080 | |a 662.767-404 |2 2001 | ||
| 080 | |a 006.7/.8 |2 2001 | ||
| 080 | |a (437.6) |2 2001 | ||
| 080 | |a (4) |2 2001 | ||
| 080 | |a (083) |2 2001 | ||
| 080 | |a 629.4 |2 2001 | ||
| 080 | |a 656.2.025.4 |2 2001 | ||
| 080 | |a 629.463 |2 2001 | ||
| 084 | |a 23.020.20 |2 ICS | ||
| 084 | |a 45.060.20 |2 ICS | ||
| 130 | 0 | |a STN 07 8620 (STN EN 14841) [neplatná] |9 656357 | |
| 245 | 1 | 0 | |a STN EN 14841: 2014 (07 8620) [neplatná], Zariadenie a príslušenstvo na LPG. Postup pri stáčaní skvapalnených ropných plynov (LPG) zo železničných cisternových vozňov |
| 246 | 1 | 0 | |a Zariadenie a príslušenstvo na LPG |
| 246 | 1 | 0 | |a Postup pri stáčaní skvapalnených ropných plynov (LPG) zo železničných cisternových vozňov |
| 246 | 3 | 0 | |a EN 14841: 2013 SK |
| 260 | |a Bratislava |b Úrad pre normalizáciu, metrológiu a skúšobníctvo SR |c 2014 | ||
| 300 | |a 12 strán |b obrázky, tabuľky |c 30 cm | ||
| 500 | |a Súbežný názov v angličtine, francúzštine, nemčine | ||
| 500 | |a Spracovateľ: Peter Hrivík | ||
| 500 | |a Táto norma nahrádza STN EN 14841 z júna 2006 v celom rozsahu | ||
| 500 | |a Norma je nahradená anglickou verziou normy STN EN 14841 z augusta 2023, ktorú nahradila slovenská verzia normy STN EN 14841 z októbra 2024 v celom rozsahu | ||
| 504 | |a Citované normy, súvisiace právne predpisy na strane 2 | ||
| 520 | 8 | |a Táto norma je slovenskou verziou európskej normy EN 14841: 2013. Preklad zabezpečil Slovenský ústav technickej normalizácie. Má rovnaké postavenie ako majú oficiálne verzie | |
| 540 | |a STN vydané na akomkoľvek nosiči sa môžu rozmnožovať a rozširovať iba so súhlasom určenej právnickej osoby |b SÚTN Bratislava |c zákon 264/1999 Z. z. | ||
| 650 | 0 | 7 | |a skvapalnené uhľovodíkové plyny |2 SNKPH |9 310066 |
| 650 | 0 | 7 | |a technické normy a štandardy |z Slovensko |2 SNKPH |9 79594 |
| 650 | 0 | 7 | |a technické normy a štandardy |z krajiny Európskej únie |2 SNKPH |9 289341 |
| 650 | 0 | 7 | |a železničná vozidlá |2 SNKPH |9 656358 |
| 650 | 0 | 7 | |a cisterny |2 SNKPH |9 407764 |
| 650 | 0 | 7 | |a koľajové vozidlá |2 SNKPH |9 67613 |
| 650 | 0 | 7 | |a nákladná železničná doprava |2 SNKPHbucl |9 58152 |
| 650 | 0 | 7 | |a Liquefied petroleum gases |2 SNKPHeng |9 310067 |
| 650 | 0 | 7 | |a Freight railroad transport |2 SNKPHeng |9 369558 |
| 650 | 0 | 7 | |a Rail cars |2 SNKPHeng |9 300392 |
| 650 | 0 | 7 | |a Cisterns |2 SNKPHeng |9 547725 |
| 655 | 7 | |a normy |2 SNKPH |9 70643 | |
| 700 | 1 | |a Hrivík, Peter |4 trl |9 320412 | |
| 710 | 1 | |a Slovensko. |b Úrad pre normalizáciu, metrológiu a skúšobníctvo |4 stn |9 158117 | |
| 710 | 2 | |a Slovenský ústav technickej normalizácie (Bratislava, Slovensko). |b Technická komisia č. 51 Plynárenstvo. Spotrebiče na horľavé plyny |4 stn |9 310057 | |
| 852 | |a Štátna vedecká knižnica v Banskej Bystrici | ||
| 958 | |a OP | ||
| 999 | |c 1012307 |d 1014237 | ||
| 952 | |a SNK |b SNK |y PREZ |7 0 |p 17A1110009 |o snkSTN EN 14841 |i snk2014/11716 |8 0 |0 0 |1 0 |4 0 |d 2014-05-19 |l 0 |r 2026-02-24 12:57:30 |w 2026-02-24 | ||
| 952 | |a SNK |b SNK |y PREZ |7 0 |p 17A1110010 |o snkSTN EN 14841 D1 |i snk2014/11717 |8 0 |0 0 |1 0 |4 0 |d 2014-05-19 |l 0 |r 2026-02-24 12:57:30 |w 2026-02-24 | ||


